00546nam a2200169 i 4500001000300000245006000003260003700063300004900100490005900149500001700208504002500225830005900250040000800309041000800317080001000325008004100335bg 0aFiziceskie issledovanija v sil'nych magnitnych poljach. aMoskva :bIzdat. "Nauka",c1973. as. 141, nlb. 3 :brys., ilustr., tab., tabl.1 aTrudy Fiziceskogo Inst. / Akademia Nauk SSSR. ;vT. 67 a[Alf. ros.]. a[Zawiera bibliogr.]. 0aTrudy Fiziceskogo Inst. (Akademia Nauk SSSR.) ;vT. 67 cBPK apol a537.6 s pl f |000 0 pol